Nociones de aritmética

Gespeichert in:
Bibliographische Detailangaben
1. Verfasser: Baratech Montes, Benigno
Format: Buch
Sprache:Spanisch
Erschienen: Huesca : Editorial V. Campo y Compª, 1934
Ausgabe:Nueva ed. modificada y aum.
Katalog:MANES:  Suchergebnis im Bibliothekskatalog
Schulbuchspezifische Eigenschaften:
Tags: Tag hinzufügen
Keine Tags, Fügen Sie den ersten Tag hinzu!
Hinzugefügt zu:29.11.1999
Geändert in:07.05.2025

MARC

LEADER 00000cam a2200000#i 4500
005 20250507134551.0
008 000000s1934 espa f 000 0 spa d
040 |a uned  |b spa  |c entro-manes 
100 1 |a Baratech Montes, Benigno  |9 26614 
245 1 0 |a Nociones de aritmética /   |c por Benigno Baratech Montes 
250 |a Nueva ed. modificada y aum. 
260 |a Huesca :   |b Editorial V. Campo y Compª,   |c 1934 
300 |a 203 p. :   |b il. 
546 |a España 
561 |5 es-BUNED  |3 L.T. 2549  |a España. Fondo Manes UNED  |k MANES 
690 0 |a MATE 
942 |2 ddc  |c BK 
999 |c 97482  |d 97482 
999 |c manes:97482  |d 97482